000 00771nam a2200193 a 4500
003 0
005 20250508141930.0
008 970101s19uu xx 00 eng d
050 _aPHS LB 1027.23
_b.Y36 2004
100 _aYang, Hyo Eun.
245 _aA Survey on the Impact of PLED on the Academic performance of High School students in Southville International School and Colleges /
_cHyo Eun Yang.
260 _aLas PiƱas City, Philippines :
_bSouthville International School and Colleges,
_c2004.
300 _a39 pages ;
_c28 cm.
504 _aIncludes bibliographical references.
650 _aTeaching
_xEffectiveness
_zPhilippines.
650 _aAcademic achievement
_zPhilippines.
650 _aEducation, Secondary
_zPhilippines
_xEvaluation.
942 _2lcc
_cPASS
999 _c97170
_d97170